01760nmm a22003134i 4500003000900000005001700009007000300026008004100029040003300070100004800103245019700151264003900348300005400387336002700441337002900468338003900497347003100536502017700567504003000744505022400774650006300998650004101061650004101102700004801143856014001191942001501331999001701346952008301363DO-SdISF20250403115743.0ta240209s2020 dr a|||fom|d| 001 0 spa d aDO-SdISFbspaerdacDO-SdISF1 aPacheco Ferreira, Luis Miguel931269eautor10aNivel de competencias fundamentales en estudiantes de primer ciclo de secundaria del distrito educativo 08-08 /csustentado: Luís Miguel Pacheco Ferreira ; asesor: Mauricio Javier Prada Rozo 1aSanto Domingo : bISFODOSU, c2020 a1 recurso en línea (102 hojas) :bilustraciones 2rdacontentatextobtxt 2rdamediaacomputadorabc 2rdacarrierarecurso en líneabcr 2rdaaarchivo de textobPDF aTesis para optar por el título de Maestría en Educación Física Integral - Instituto Superior de Formación Docente Salomé Ureña - ISFODOSU, Recinto EMH, 2020.  aBibliografía en hoja 70 aIntroducción al problema de investigación 1 - Revisión de literatura 10 - Metodología 23 - Presentación de los resultados 33 - Interpretación de los resultados 65 - Referencias bibliografíca 70 - anexos 8014aEducación físicazRepública Dominicana2armarc9385217aAptitudesxMediciones2armarc92586717aEducación secundaria2armarc938881 aPrada Rozo, Mauricio Javier easesor921318 yClic para ver Texto Completouhttps://biblioteca.isfodosu.edu.do/cgi-bin/koha/opac-retrieve-file.pl?id=6da5f486d10254802c0562ea2ba48c04 2LOCcTESIS c13403d13403 00102ddc4070aRIIbRIId2025-04-03l0r2025-04-03 11:57:08w2025-04-03yTED